00521nam a2200157 a 450000100100000000500170001000800410002702000180006804000250008608200130011110000330012424500610015726000390021830000350025750000710029200004223920201002040025.0131120s2013 dr ac 000 0 spa d a9789945583298 aDO-SdBNPbspacBNPHU axxxbxxx1 aÓleo Ramírez, Lugenny de10aDos padres sin corazón /cLugenny de Óleo Ramírez. aSanto Domingo :bSantuario,c2013. a54 p. :bil., retrs. ;c23 cm. aIncluye datos biográficos del autor en la solapa de la cubierta.